000 00314nam a22001337a 4500
008 180213b xxu||||| |||| 00| 0 eng d
020 _a9780894261930
041 _aeng
080 _a658
100 _a54
101 _aMAN
245 _aDATA ANALYSISS FFOR MANGERS WITH MINITAB
_cHARRY.V.R
942 _2udc
_cBK
999 _c42417
_d42417